000 00861nam a2200277 i 4500
001 000012340
003 DO-SdBNP
005 20240412074231.0
007 ta
008 091111s1979 dr a 001 j spa d
040 _aDO-SdBNP
_bspa
_cBNPHU
_erda
082 4 _aRD863.44
_bG216g
_222
100 1 _aGarcía Guerra, Iván,
_d1938-
_eautor
_9144
245 1 3 _aLa guerra no es para nosotros /
_cIvan García.
264 1 _aSanto Domingo :
_bTaller,
_c1979.
300 _a178 páginas :
_bilustraciones ;
_c21 cm.
336 _2rdacontent
_atexto
_btxt
337 _2rdamedia
_asin mediación
_bn
338 _2rdacarrier
_avolumen
_bnc
490 1 _aBiblioteca Taller
_v113
590 _aInventariado, 2020/BT
650 0 _aCuentos dominicanos
_9176
650 0 _aLiteratura dominicana.
_967
910 _aValidado. Control de calidad MMOLINA
942 _2ddc
_cLBS1
999 _c11997
_d11997